000
00347 a2200157 4500
001
68163
020
_a
9788573076646
040
_c
Anchieta - Pituba
100
_a
Imbernón, F.
240
1
0
_a
A educação no século XXI
_l
por
245
1
0
_a
A educação no século XXI
300
_a
205
362
0
_a
2000
650
4
_a
Educação
942
_c
BK
999
_c
68163
_d
68163